| 000 | 01271nam a22002777a 4500 | ||
|---|---|---|---|
| 003 | OSt | ||
| 005 | 20250328092255.0 | ||
| 008 | 240904b ||||| |||| 00| 0 eng d | ||
| 040 | _c0 | ||
| 082 | _aDPer 621.317 Ie21 December 2022 v.37 n. 12 part 1&2. | ||
| 100 |
_aJiang, Yunlei. _eauthor. _960145 |
||
| 245 |
_aHybrid-mode adaptive zero-voltage switching for single-phase dc-ac conversion with paralleled sic mosfets / _cYunlei Jiang, Yanfeng Shen, Luke Shilaber, Borong Hu, Chaoqiang Jiang, and Teng Long. |
||
| 260 |
_aNew York; _bThe Institute of Electrical and Electronics Engineers, Inc., _cDecember 2022. |
||
| 300 |
_avolume 37, pages 14067-14081, _billustration. |
||
| 500 | _aIEEE Transactions on Power Electronics, v. 37 n. 12, pages 14067-14081, December 2022. | ||
| 650 | 0 |
_aContinuous conduction mode (CCM). _965984 |
|
| 650 | 0 |
_aparallel metal oxide semiconductor field-effect transistor (MOSFETs). _965985 |
|
| 650 | 0 |
_asingle-phase inverter. _965986 |
|
| 700 |
_aJiang, Yunlei. _eauthor. _960145 |
||
| 700 |
_aShen, Yanfeng. _eauthor. _960146 |
||
| 700 |
_aShilaber, Luke. _eauthor. _960147 |
||
| 700 |
_aHu, Borong. _eauthor. _960148 |
||
| 700 |
_aJiang, Chaoqiang. _eauthor. _960149 |
||
| 700 |
_aLong, Teng. _eauthor. _960150 |
||
| 942 |
_2ddc _cPER |
||
| 999 |
_c21303 _d21303 |
||